000 nam a22 7a 4500
999 _c9111
_d9111
008 180123b ||||| |||| 00| 0 eng d
100 _aBatra K S
_95391
245 _aTogether with Mathematics
260 _aNew Delhi
_bRachna Sagar Publication
_c2009